| 000 | 00584nam a2200205Ia 4500 | ||
|---|---|---|---|
| 003 | IN-BaIIA | ||
| 008 | 211028s9999 xx 000 0 eng d | ||
| 020 | _a0-7923-6903-3 | ||
| 040 | _cIIA Library | ||
| 080 |
_a521.1 _bVAL |
||
| 100 |
_aDavid A. Vallado _925692 |
||
| 245 | 0 |
_aFundamentals of astrodynamics and applications _cDavid A. Vallado |
|
| 250 | _a2nd ed. | ||
| 260 |
_aDordrecht _bKluwer Academic _c2001 |
||
| 300 | _axxi, 958p. | ||
| 490 | _aThe space technology library | ||
| 650 |
_aAstrodynamics _91258 |
||
| 650 |
_aMathematical fundamentals _925693 |
||
| 942 | _cBK | ||
| 999 |
_c14465 _d14465 |
||